| 000 | 00748nam a2200229Ia 4500 | ||
|---|---|---|---|
| 001 | 9522 | ||
| 003 | GE_BSU | ||
| 008 | 181216s||||||||xx |||||||||||||| ||und|| | ||
| 040 | _cGE_BSU | ||
| 080 | _a82–93 | ||
| 100 | _aმიქელაძე,მარიკა | ||
| 245 | _aთეთრი სახლი | ||
| 245 | _bსაბავშვო პოემები | ||
| 245 | _cრედ.ა.შენგელია.მხატვ:შ.ბერიტაშვილი | ||
| 260 | _aთბილისი | ||
| 260 | _bსაბლიტგამი | ||
| 260 | _c1974 | ||
| 300 | _a67გვ.ილ:20სმ | ||
| 653 | _aთეთრი სახლი | ||
| 653 | _aსაბავშვო პოემები | ||
| 942 | _cBK | ||
| 999 |
_c42816 _d42816 |
||